Bahasa dan sastera Arab, (Record no. 82329)

MARC details
000 -LEADER
fixed length control field 00708cam a22002411 4500
001 - CONTROL NUMBER
control field sa 68008256
003 - CONTROL NUMBER IDENTIFIER
control field DLC
005 - DATE AND TIME OF LATEST TRANSACTION
control field 20260227112530.0
008 - FIXED-LENGTH DATA ELEMENTS--GENERAL INFORMATION
fixed length control field 740207s1967 xx 000 0 ind
010 ## - LIBRARY OF CONGRESS CONTROL NUMBER
LC control number sa 68008256
035 ## - SYSTEM CONTROL NUMBER
System control number (OCoLC)792567
040 ## - CATALOGING SOURCE
Original cataloging agency DLC
Transcribing agency OAU
Modifying agency DLC
042 ## - AUTHENTICATION CODE
Authentication code premarc
050 00 - LIBRARY OF CONGRESS CALL NUMBER
Classification number PJ6095
Item number .J3
100 1# - MAIN ENTRY--PERSONAL NAME
Personal name Jahja, Husein.
245 10 - TITLE STATEMENT
Title Bahasa dan sastera Arab,
Remainder of title dalam lintasan sedjarah.
260 ## - PUBLICATION, DISTRIBUTION, ETC.
Place of publication, distribution, etc. [Jogjakarta?
Date of publication, distribution, etc. 1967]
300 ## - PHYSICAL DESCRIPTION
Extent 31 p.
Dimensions 33 cm.
500 ## - GENERAL NOTE
General note Cover title.
500 ## - GENERAL NOTE
General note "Diutjapkan pada dies natalis ke VII I. A. I. N., Sunan Kalidjaga, tgl. 10 Djuni 1967, di Jogjakarta."
504 ## - BIBLIOGRAPHY, ETC. NOTE
Bibliography, etc. note Bibliographical footnotes.
650 #0 - SUBJECT ADDED ENTRY--TOPICAL TERM
Topical term or geographic name entry element Arabic language.

No items available.

Powered by Koha